000 01131nam a22003497a 4500
001 BR7100533
003 BR-BrBNA
005 20230928083657.0
007 ta
008 230509b bl.||||| |||| 00| 0 por d
040 _aBR-BrBNA
_bpor
_cBiblioteca Nacional de Agricultura
041 _a(Eng)
072 _aE10
_b3801
_b/G514
090 _ 3801 BR7100533
100 1 _aGoncalves, J.D.
110 1 _aAssociacao Nacional para Difusao de Adubos, Sao Paulo, SP (Brasil)
_9687
111 1 _aSecond Interregional Fertilizer Symposium
_cSao Paulo, SP (Brazil)
_d21 Sep 1971
245 1 _aAgriculture and development. Fertilizer as instrument of technological changes [Macroeconomia; Desenvolvimento agricola; Brasil]
260 3 _aSao Paulo, SP (Brasil):
_c1971.
300 _a26 p.
500 _a8 tables; 7 ref.
650 _aMacroeconomia
650 _aIndustria agricola
650 _aFertilizante
650 _aDesenvolvimento agricola
650 _aDesenvolvimento economico
650 _aInvestimento
650 _aExportacao
650 _aImportacao
909 _a202309
_bLucia
_c55
_dLucia Elande
942 _cBK
999 _c14749
_d14749